[Event "Aragon-chT Preferente Gr-I"]
[Site "Aragon"]
[Date "2019.03.02"]
[Round "6.37"]
[White "Sanchez Herrera, Miguel"]
[Black "Galve Guinea, Alejandro"]
[Result "1/2-1/2"]
[WhiteElo "2088"]
[BlackElo "2001"]
[PlyCount "56"]
[EventDate "2019.01.26"]
[EventType "team-tourn"]
[EventRounds "9"]
[EventCountry "ESP"]
[SourceTitle "EXT 2020"]
[Source "ChessBase"]
[SourceDate "2019.10.17"]
[SourceVersion "1"]
[SourceVersionDate "2019.10.17"]
[SourceQuality "1"]
[WhiteTeam "Agrupacion II"]
[BlackTeam "El Olivar III"]
[WhiteTeamCountry "ESP"]
[BlackTeamCountry "ESP"]

1. Nf3 Nf6 2. c4 c6 3. Nc3 d5 4. e3 e6 5. b3 Nbd7 6. Bb2 Bd6 7. d4 0-0 8. Bd3 Qe7 9. 0-0 dxc4 10. bxc4 e5 11. Qc2 Re8 12. Ng5 h6 13. Nge4 Bc7 14. d5 Nxe4 15. Nxe4 Nf6 16. dxc6 bxc6 17. a4 Nxe4 18. Bxe4 Qe6 19. g3 f5 20. Bg2 e4 21. Rfd1 Ba6 22. Rac1 Rad8 23. Bf1 Be5 24. Bd4 Bxd4 25. exd4 Qf6 26. d5 cxd5 27. cxd5 Bxf1 28. Kxf1 f4 1/2-1/2

[Event "Aragon-chT Preferente B"]
[Site "Aragon"]
[Date "2017.02.18"]
[Round "4.69"]
[White "Sierra Aguerri, Joaquin"]
[Black "Sanchez Herrera, Miguel"]
[Result "1/2-1/2"]
[WhiteElo "2085"]
[BlackElo "2124"]
[PlyCount "51"]
[EventDate "2017.01.28"]
[EventType "team-tourn"]
[EventRounds "9"]
[EventCountry "ESP"]
[SourceTitle "EXT 2018"]
[Source "ChessBase"]
[SourceDate "2017.10.13"]
[SourceVersion "1"]
[SourceVersionDate "2017.10.13"]
[SourceQuality "1"]
[WhiteTeam "Tauste"]
[BlackTeam "St Casablanca IV"]
[WhiteTeamCountry "ESP"]
[BlackTeamCountry "ESP"]

1. e4 c5 2. Nc3 Nc6 3. f4 g6 4. Nf3 Bg7 5. Bb5 Nd4 6. 0-0 Qb6 7. a4 e6 8. a5 Qc7 9. Ba4 Ne7 10. Nxd4 Bxd4+ 11. Kh1 a6 12. f5 gxf5 13. d3 b5 14. axb6 Qxb6 15. Qh5 Bb7 16. Bg5 Rg8 17. Rae1 Qd6 18. Re2 0-0-0 19. Bh4 f6 20. Bg3 Be5 21. Bxe5 fxe5 22. Re3 Qd4 23. Qe2 Rg7 24. Rg3 Rdg8 25. Rff3 Ng6 26. Qf2 1/2-1/2

[Event "Aragon-chT Preferente A"]
[Site "Aragon"]
[Date "2015.02.28"]
[Round "6.41"]
[White "Cifuentes Parada, Roberto"]
[Black "Sanchez Herrera, Miguel"]
[Result "1-0"]
[WhiteElo "2461"]
[BlackElo "2121"]
[PlyCount "77"]
[EventDate "2015.01.24"]
[EventType "team-tourn"]
[EventRounds "11"]
[EventCountry "ESP"]
[SourceTitle "EXT 2017"]
[Source "ChessBase"]
[SourceDate "2016.10.25"]
[SourceVersion "1"]
[SourceVersionDate "2016.10.25"]
[SourceQuality "1"]
[WhiteTeam "Jaque"]
[BlackTeam "St Casablanca III"]
[WhiteTeamCountry "ESP"]
[BlackTeamCountry "ESP"]

1. d4 d5 2. Nf3 Nf6 3. Bf4 c5 4. e3 Qb6 5. Nc3 e6 6. Nb5 Na6 7. a4 c4 8. Be2 Bd7 9. 0-0 Bxb5 10. axb5 Nc7 11. b3 cxb3 12. c4 dxc4 13. Bxc4 Bd6 14. Bxd6 Qxd6 15. Qxb3 0-0 16. Ne5 Ncd5 17. Qa3 Qb6 18. Rfc1 Rfc8 19. Bd3 Rxc1+ 20. Rxc1 h6 21. g3 a5 22. bxa6 bxa6 23. Rb1 Qa7 24. e4 Qxd4 25. Nf3 Qc3 26. Rb3 Qc6 27. exd5 Qxd5 28. Qb2 Nd7 29. Qc2 Nc5 30. Bh7+ Kh8 31. Rc3 Rd8 32. Kg2 Nd7 33. Be4 Qa5 34. Rc7 f5 35. Bb7 e5 36. Nh4 e4 37. Rxd7 Rxd7 38. Ng6+ Kg8 39. Qc4+ 1-0

[Event "Zaragoza Otono op 1st"]
[Site "Zaragoza"]
[Date "2013.11.10"]
[Round "5"]
[White "Sanchez Herrera, Miguel"]
[Black "Ruperez Benito, Antonio"]
[Result "1/2-1/2"]
[WhiteElo "2124"]
[BlackElo "1944"]
[PlyCount "144"]
[EventDate "2013.10.27"]
[EventType "swiss"]
[EventRounds "6"]
[EventCountry "ESP"]
[SourceTitle "EXT 2015"]
[Source "ChessBase"]
[SourceDate "2014.11.20"]
[SourceVersion "1"]
[SourceVersionDate "2014.11.20"]
[SourceQuality "1"]

1. d4 d5 2. Nf3 Nf6 3. c3 e6 4. Bf4 Bd6 5. Bg3 Nbd7 6. e3 Qe7 7. Ne5 Ne4 8. Nxd7 Nxg3 9. hxg3 Bxd7 10. Qc2 h6 11. Nd2 c5 12. dxc5 Bxc5 13. Nf3 Rc8 14. Ne5 Bd6 15. Nxd7 Qxd7 16. Bd3 a6 17. g4 Qe7 18. Qb3 Rc7 19. a4 Rd7 20. 0-0-0 Kd8 21. Kb1 Kc8 22. e4 dxe4 23. Bxe4 Rc7 24. Rd3 Bc5 25. f3 g6 26. f4 Kb8 27. Rhd1 Re8 28. Bf3 Rec8 29. f5 gxf5 30. gxf5 e5 31. Be4 h5 32. Rd5 Qh4 33. Bf3 e4 34. Qc4 Re8 35. Rxc5 Rxc5 36. Qxc5 exf3 37. Qd6+ Ka8 38. Qd7 Qe7 39. gxf3 Qxd7 40. Rxd7 Re3 41. Rxf7 Rxf3 42. f6 h4 43. Kc2 h3 44. Rh7 Rxf6 45. Rxh3 Ka7 46. a5 Rf5 47. b4 Rf7 48. Rh6 Kb8 49. Kd3 Kc7 50. Kd4 Rg7 51. c4 Rg4+ 52. Kc3 Rg3+ 53. Kb2 Rg2+ 54. Kb3 Rg3+ 55. Ka4 Rg4 56. c5 Rg3 57. Rb6 Rc3 58. Rd6 Re3 59. Rd4 Rc3 60. Rh4 Kc6 61. Rh6+ Kc7 62. Rb6 Rh3 63. c6 bxc6 64. Rxa6 Kb7 65. Rb6+ Kc7 66. b5 Rh4+ 67. Kb3 Rh3+ 68. Kc2 Rh2+ 69. Kd3 Rh3+ 70. Ke4 Rh4+ 71. Kf3 cxb5 72. Rxb5 Ra4 1/2-1/2

[Event "Aragon-chT Autonomico"]
[Site "Aragon"]
[Date "2007.02.03"]
[Round "2"]
[White "Del Rey, Diego"]
[Black "Sanchez Herrera, Miguel"]
[Result "1-0"]
[WhiteElo "2399"]
[BlackElo "2210"]
[PlyCount "83"]
[EventDate "2007.01.27"]
[EventType "team-tourn"]
[EventRounds "9"]
[EventCountry "ESP"]
[SourceTitle "EXT 2008"]
[Source "ChessBase"]
[SourceDate "2007.11.25"]
[SourceVersion "1"]
[SourceVersionDate "2007.11.25"]
[SourceQuality "1"]
[WhiteTeam "CAI Olivar"]
[BlackTeam "Agrupacion II"]
[WhiteTeamCountry "ESP"]
[BlackTeamCountry "ESP"]

1. d4 f5 2. g3 Nf6 3. Bg2 e6 4. Nh3 Be7 5. 0-0 0-0 6. b3 d5 7. c4 c6 8. Bb2 Qe8 9. Nd2 Nbd7 10. Qc2 Bd6 11. Nf4 g5 12. Nd3 Qh5 13. c5 Bc7 14. f3 Rf7 15. Qd1 Nf8 16. e3 Qh6 17. Rc1 Ng6 18. Ne5 Rg7 19. Qe2 Bd7 20. b4 Rf8 21. Rfe1 Be8 22. Nf1 Kh8 23. Rc2 Rfg8 24. Kh1 Nd7 25. Nd3 Ne7 26. e4 fxe4 27. fxe4 Bh5 28. Qe3 Nf6 29. exd5 exd5 30. Ne5 Nf5 31. Qd3 Nd6 32. cxd6 Bxd6 33. Qd2 Ne4 34. Bxe4 dxe4 35. d5 Rf8 36. Nc4 Bf3+ 37. Kg1 Bf4 38. Nce3 Bc7 39. Qd4 Rff7 40. dxc6 bxc6 41. Qc4 c5 42. Qxf7 1-0

[Event "Zaragoza op-B"]
[Site "Zaragoza"]
[Date "1995.??.??"]
[Round "3"]
[White "Ferrer Serrano, Roberto"]
[Black "Sanchez Herrera, Miguel"]
[Result "1/2-1/2"]
[WhiteElo "2150"]
[BlackElo "2290"]
[PlyCount "55"]
[EventDate "1995.06.??"]
[EventType "swiss"]
[EventRounds "9"]
[EventCountry "ESP"]
[SourceTitle "EXT 1997"]
[Source "ChessBase"]
[SourceDate "1996.11.15"]
[SourceVersion "1"]
[SourceVersionDate "1996.11.15"]
[SourceQuality "1"]

1. d4 d5 2. Nf3 Nf6 3. c4 e6 4. g3 Be7 5. Bg2 0-0 6. 0-0 b6 7. Qc2 Bb7 8. cxd5 exd5 9. Ne5 c5 10. dxc5 bxc5 11. Nc3 Qb6 12. Bg5 Rd8 13. Rfd1 Na6 14. Ng4 Nb4 15. Qc1 Nxg4 16. Bxe7 Rd7 17. Na4 Qb5 18. Qxc5 Qxe2 19. Re1 Qc2 20. Bf3 Nxf2 21. Qxf2 Qxa4 22. Qd4 a5 23. a3 Qb3 24. Bd1 Qd3 25. Qf2 Nc6 26. Bc5 d4 27. Bc2 Qc4 28. Qf5 1/2-1/2